| 000 | 01399cam a22002054a 4500 | ||
|---|---|---|---|
| 005 | 20250605164409.0 | ||
| 008 | 250528s ||||||||||||||||||||||||d | ||
| 035 | _a24953 | ||
| 020 | _a9781684034550 | ||
| 040 |
_aGR-AtMCL _bgre _dGR-AtMCL _eAACR2 |
||
| 245 | 1 | _aCBT Made Simple / Second Edition | |
| 260 | _c2021 | ||
| 300 | _a332 | ||
| 520 | _aThis book (CBT) is a highly effective, evidence - based treatment for mental health disorders. Foreword, Introduction, CBT Foundation, Use CBT Theory to Understand Your Clients, Focus on Your Clints' Problems and Strenggths, Develop Goals for Therapy, Structure Your Sessions, Understand Your Clients' Problems, Identity Your Clients' Feelings and Physical Reactions and Behaviors, My Clients have so many Thoughts: Which Do I Focus On?, Identity Your Clients' Thoughts, Cognitive and Behavioral Interventions, Look for Evidence and Create Balanced Thoughts, Problem Solving: Finding a Better Way, Behavioral Activation: Action Plans for Depression, Exposure Therapy: Clients Face Their Fears, Working with Core Beliefs, Underlying Assumptions and Behavioral Experiments, CBT in Action, Treatment Guidelines and Suzanne and Raoul's Therapy, Acknowledgements, Appendix: Answers to YOUR TURN! Exercises, References, Index. | ||
| 700 | 1 |
_aJosefowitz Nina _98721 |
|
| 700 | 1 |
_aMyran David _98722 |
|
| 942 | _cBK | ||
| 999 |
_c9774 _d9774 |
||